| 000 | 00809nam a2200253Ia 4500 | ||
|---|---|---|---|
| 003 | OSt | ||
| 005 | 20220923223322.0 | ||
| 006 | a|||||r|||| 00| 0 | ||
| 007 | ta | ||
| 008 | 220922b |||||||| |||| 00| 0 hin d | ||
| 024 | _a213,423 | ||
| 037 | _cTextual | ||
| 040 |
_aARTS _cARTS _bhin |
||
| 041 |
_2hin _ahin |
||
| 082 | _aO152,3N292,JK, L6 | ||
| 100 | _aअवस्थी, राजेन्द्र | ||
| 245 | 0 | _aजंगल के फूल | |
| 246 | _aJangal ke fūla | ||
| 260 |
_aदिल्ली _b राजपाल एंड सन्स _c1977 |
||
| 300 |
_a256पृ. _ccm. |
||
| 650 |
_aहिन्दी साहित्य _9156264 |
||
| 942 |
_hO152,3N292,JK, L6 _cTEXL _2CC |
||
| 999 |
_c363675 _d363675 |
||